000 00420nam a2200157Ia 4500
008 230524s9999 xx 000 0 und d
082 _a540
_bSEM
100 _aAbhay Kumar Singh
_924194
245 0 _aSolution to I.E.Irodov's Problems in General Physics Vol-I (2nd edn.)
250 _a2ND
260 _aNEW DELHI
_bCBS
_c1998
300 _aIII;424
500 _aQuantity Number: 1
650 _aPhysics
942 _cBK
999 _c35713
_d35713